| 000 | 00582nam a2200193 a 4500 | ||
|---|---|---|---|
| 005 | 20140310183244.0 | ||
| 008 | 040823s19uu xx 00 eng d | ||
| 020 | _a0415308232 | ||
| 050 |
_aLC 3969.45 _b.F37 2003 |
||
| 100 | _aFarrell, Michael | ||
| 245 |
_aUnderstanding special educational needs : _ba guide for student teachers / _cMichael Farrell |
||
| 260 |
_aNew York : _bRoutledgeFalmer, _c2003. |
||
| 300 |
_a160 p. : _c22 cm. |
||
| 500 | _aIncludes bibliography and index. | ||
| 521 | _aEDU | ||
| 650 | _aSpecial education. | ||
| 942 |
_cBK _2lcc _kFOR |
||
| 999 |
_c20659 _d20659 |
||